000 00549nam a2200205Ia 4500
005 20250326145213.0
008 250326s9999 xx 000 0 und d
037 _aTextbook
040 _aFMSL
_beng
_cFMSL
041 _aeng
_2eng
084 _aX:74:f P3
_qFMSL
100 _aZikmund W G
245 0 _aBusiness research methods
_cZikmund W G
250 _a7
260 _aUnited Kingdom
_bUnited Kingdom, Cengage Learning
_c2003
365 _b475
650 _aManagement
942 _cTB
_hX:74:f P3
999 _c1306736
_d1306736